Generator Dash #27 - Statistics

General Stats
  • This quiz has been taken 115 times
  • The average score is 8 of 11
Answer Stats
Hint Answer % Correct
Book leaf (4) Page
93%
Salad dressing ingredient (7) Vinegar
87%
Human herbivore (5) Vegan
84%
Nod in assent (5) Agree
82%
Actor Richard (4) Gere
78%
Swiss lake (6) Geneva
72%
Iron Man, Thor, eg (7) Avenger
63%
Mourn, lament (6) Grieve
58%
Etch, inscribe (7) Engrave
55%
Lamp dweller (5) Genie
53%
9-Letter Word GRAPEVINE
52%
No matching quizzes found
Score Distribution
Percent of People with Each Score
Percentile by Number Answered
Your Score History
You have not taken this quiz